000 00245nam a2200109Ia 4500
100 _aShaw/M.C
942 _cBK
654 _aCutting
245 _aMetal cutting Principles
260 _boxford & IBH Publishing
_aCalcutta
_c2001
546 _aENGLISH
999 _c31477
_d31477